000 00833nam a2200265 i 4500
001 21878
003 ES-MaACL
005 20230906152549.0
007 t|
008 021128s1957 sp ||||1| spa d
100 1 _aAlcott, Louise May.
_919583
245 1 4 _aLas cinco mejores obras de Luisa May Alcott /
_cLouise May Alcott.
260 _aBarcelona :
_bMateu,
_c[1957] (
_fSaturno)
300 _a841 p. ;
_c25 cm.
490 1 _aCinco mejores obras
505 8 _aContiene: Mujercitas. Aquellas mujercitas. Hombrecitos. Los muchachos de Jo. Bajo las lilas
740 0 _aMujercitas.
740 0 _aAquellas mujercitas.
740 0 _aHombrecitos.
740 4 _aLos muchachos de Jo.
740 0 _aBajo las lilas.
830 0 _aCinco mejores obras
_9187121
852 _aES-MaACL
_jC-13713
_bR.41143
999 _c21878
_d21878